000 00407nam a2200181Ia 4500
001 15563
005 20260306170205.0
008 260306t2014||||xx |||||||||||||| ||und||
041 _aESP
082 _a547
_bK61
100 _aKlein, David
_eAUT
245 0 _aQuímica orgánica
260 _c2014
300 _a1295 páginas :
_c26 cm.
650 _aGEN
654 _aCCN
942 _cLIB
_dJUS
_fJUS
_2ddc
_n
999 _c15563
_d15563